000 00396nam a2200169Ia 4500
001 10038
003 GE_BSU
008 181216s||||||||xx |||||||||||||| ||und||
040 _cGE_BSU
245 _aВрач. №4. 2014.Апрель
245 _cГл.ред.Денисов И.Н.
260 _aМосква
260 _c2014
300 _a88стр.29см.
653 _aВрач.
942 _cCR
999 _c43311
_d43311